000 00380 a2200157 4500
001 62007
020 _a9788502123823
040 _cAnchieta - Pituba
100 _aSanderson, Brandon
240 1 0 _aAlcatraz contra os ossos do escrivão
_lpor
245 1 0 _aAlcatraz contra os ossos do escrivão
300 _a288
362 0 _a2011
650 4 _aLiteratura juvenil
942 _cBK
999 _c62007
_d62007